UM Logo

Service quality and customer satisfaction in government- owned and controlled corporation (GOCC) agencies/ (Record no. 10171)

MARC details
000 -LEADER
fixed length control field 00702nam a22001697a 4500
008 - FIXED-LENGTH DATA ELEMENTS--GENERAL INFORMATION
fixed length control field 180804b ||||| |||| 00| 0 eng d
082 ## - DEWEY DECIMAL CLASSIFICATION NUMBER
Edition number 2018
Classification number UT 1031
Item number L47
100 ## - MAIN ENTRY--PERSONAL NAME
9 (RLIN) 30012
Personal name Lee, Ana Marie Kristine S.
245 ## - TITLE STATEMENT
Title Service quality and customer satisfaction in government- owned and controlled corporation (GOCC) agencies/
Statement of responsibility, etc. Ana Marie Kristine S. Lee, Leah G. Barota and Ronel Tampos.
260 ## - PUBLICATION, DISTRIBUTION, ETC. (IMPRINT)
Place of publication, distribution, etc. Digos City:
Name of publisher, distributor, etc. UMDC
Date of publication, distribution, etc. April 2018.
300 ## - PHYSICAL DESCRIPTION
Extent 82 pages;
Other physical details 30 cm.
650 #0 - SUBJECT ADDED ENTRY--TOPICAL TERM
9 (RLIN) 30013
Topical term or geographic name as entry element Business Administration.
Form subdivision Marketing Management
General subdivision Undergraduate thesis.
700 ## - ADDED ENTRY--PERSONAL NAME
9 (RLIN) 30015
Personal name Lee, Ana Marie Kristine S.
700 ## - ADDED ENTRY--PERSONAL NAME
9 (RLIN) 30016
Personal name Barota, Leah G.
700 ## - ADDED ENTRY--PERSONAL NAME
9 (RLIN) 30017
Personal name Tampos, Ronel.
942 ## - ADDED ENTRY ELEMENTS (KOHA)
Source of classification or shelving scheme Dewey Decimal Classification
Koha item type Undergraduate Thesis
Holdings
Withdrawn status Lost status Source of classification or shelving scheme Damaged status Not for loan Home library Current library Date acquired Total Checkouts Full call number Barcode Date last seen Price effective from Koha item type
    Dewey Decimal Classification     UM Digos College - LIC UM Digos College - LIC 08/01/2018   UT 1031 L47 2018 1031 05/15/2025 08/04/2018 Undergraduate Thesis